Largest Countries by Area- Oceania - Statistics

General Stats
  • This quiz has been taken 25 times
  • The average score is 11 of 14
Answer Stats
Area (sq km) Answer % Correct
7,741,220 Australia
100%
268,838 New Zealand
100%
462,840 Papua New Guinea
95%
28,896 Solomon Islands
90%
18,274 Fiji
75%
21 Nauru
75%
811 Kiribati
70%
702 Micronesia
65%
459 Palau
65%
2831 Samoa
65%
747 Tonga
65%
12,189 Vanuatu
65%
181 Marshall Islands
60%
26 Tuvalu
60%
No matching quizzes found
Score Distribution
Percent of People with Each Score
Percentile by Number Answered
Your Score History
You have not taken this quiz